000 00815nam a2200241Ia 4500
003 OSt
005 20220923212029.0
006 a|||||r|||| 00| 0
007 ta
008 220922b |||||||| |||| 00| 0 hin d
024 _a150,044
037 _cTextual
040 _aARTS
_cARTS
_bhin
041 _2hin
_ahin
082 _a2, 152M3 2D
100 _aत्रिपाठी, एस0 एस0
_9160419
245 0 _aआधुनिक ग्रंथालय
_b व्यवस्था एवं संचालन के मूल तत्व
246 _aĀdhunik granthālaya: vyavasthā evan sanchālan ke mūl tatva
260 _afnYyh]
_bvtUrk
_c1983
300 _a827p
_ccm.
942 _h2, 152M3 2D
_cTEXL
_2CC
999 _c305724
_d305724